"Nové výzvy vo vede a vo vzdelávaní" zborník medzinárodnej vedeckej konferencie Univerzity J. Selyeho - 2013 : sekcie pedagogických a humanitných vied : Komárno, 17.-18. september 2013

Bibliographic Details
Other Authors: Juhász, György (Compiler), Horváth, Kinga (pedagogička) (Compiler), Árki, Zuzana, 1975- (Compiler), Keserű, József, 1975- (Compiler), Török, Tamás, 1976- (Compiler), Lévai, Attila (Compiler), Šeben, Zoltán, 1982- (Compiler)
Format: Software eBook
Language:Slovak
Czech
English
Hungarian
PhysicalDescription:1 elektronický optický disk (CD-ROM) fareb. 12 cm
Published: Komárno Univerzita J. Selyeho 2013
ISBN:9788081220739 (elektronická kniha)
Subjects:

MARC

LEADER 00000nam a2200000 a 4500
001 vtls010573048
003 SK-MaSNL
005 20260302083410.0
007 co cg auuua
008 160429s2013 xo | fs 100 0 slo
015 |a SNBS2015 
020 |a 9788081220739 (elektronická kniha) 
040 |a SNK  |b slo  |c SNK  |e AACR2 
041 0 |a slo  |a cze  |a eng  |a hun 
044 |a xo  |c SK 
072 7 |a 004  |x Počítačová veda. Výpočtová technika. Informačné technológie  |2 konspekt 
072 7 |a 81  |x Lingvistika. Jazyky  |2 konspekt 
072 7 |a 37  |x Výchova a vzdelávanie  |2 konspekt 
080 |a 004  |2 2001 
080 |a 81'1  |2 2001 
080 |a 37.02  |2 2001 
080 |a (062.534)  |2 2001 
080 |a (0.034.44)  |2 2001 
245 0 0 |a "Nové výzvy vo vede a vo vzdelávaní"  |h elektronický zdroj  |b zborník medzinárodnej vedeckej konferencie Univerzity J. Selyeho - 2013 : sekcie pedagogických a humanitných vied : Komárno, 17.-18. september 2013  |c zostavovatelia: György Juhász ... [et al.] 
246 1 1 |a "Új kihívások a tudományban és az oktatásban"  |b Nemzetközi Tudományos Konferenciájának tanulmánykötete : pedagógiai- és Humántudományi szekció 
260 |a Komárno  |b Univerzita J. Selyeho  |c 2013 
300 |a 1 elektronický optický disk (CD-ROM)  |b fareb.  |c 12 cm 
500 |a Názov z titulnej obrazovky 
504 |a Bibliogr. odkazy 
516 |a Textový dokument (zborník), súbory vo formáte pdf 
538 |a Technické požiadavky: PDF prehliadač 
546 |a Text čiast. aj angl., čes., maď. 
650 0 7 |a informačné technológie  |2 SNKPH  |9 1527 
650 0 7 |a lingvistika  |2 SNKPH  |9 860 
650 0 7 |a didaktika  |2 SNKPH  |9 3484 
650 0 7 |a Information and communication technology  |2 SNKPHeng  |9 274495 
650 0 7 |a Linguistics  |2 SNKPHeng  |9 265222 
650 0 7 |a Didactics  |2 SNKPHeng  |9 266044 
655 7 |a elektronické zdroje  |2 SNKPH  |9 90954 
655 7 |a CD-ROM  |2 SNKPH  |9 70236 
655 7 |a zborníky konferencií  |2 SNKPH  |9 70153 
655 7 |a Proceedings of conferences  |2 SNKPHeng  |9 265791 
655 7 |a Electronic resources  |2 SNKPHeng  |9 175546 
700 1 |a Juhász, György  |4 com  |9 355045 
700 1 |a Horváth, Kinga  |c (pedagogička)  |4 com  |9 19633 
700 1 |a Árki, Zuzana,  |d 1975-  |4 com  |9 194447 
700 1 |a Keserű, József,  |d 1975-  |4 com  |9 134664 
700 1 |a Török, Tamás,  |d 1976-  |4 com  |9 111081 
700 1 |a Lévai, Attila  |4 com  |9 332088 
700 1 |a Šeben, Zoltán,  |d 1982-  |4 com  |9 250145 
919 |a 978-80-8122-073-9 
958 |a NB 
999 |c 1183579  |d 1185509 
952 |a SNK  |b SNK  |y PREZ  |7 0  |p 17A1103293  |o snkSCDM 6247  |i snk2014/2990  |8 0  |0 0  |1 0  |4 0  |d 2014-01-30  |l 0  |r 2026-02-24 21:46:52  |w 2026-02-24